Sahitya bichar/ (Record no. 3604)

MARC details
000 -LEADER
fixed length control field 00561cam a2200205ua 4500
005 - DATE AND TIME OF LATEST TRANSACTION
control field 20230619100658.0
008 - FIXED-LENGTH DATA ELEMENTS--GENERAL INFORMATION
fixed length control field 111203n ii |||gr||||Z||||||asm
040 ## - CATALOGING SOURCE
Transcribing agency MAIN
Original cataloging agency IN-DiNC
041 ## - LANGUAGE CODE
Language code of sung or spoken text Assamese
082 ## - DEWEY DECIMAL CLASSIFICATION NUMBER
Classification number 891.4514
Item number THA
100 1# - MAIN ENTRY--PERSONAL NAME
Personal name Thakuria, Rammal,
Relator term Author
245 11 - TITLE STATEMENT
Title Sahitya bichar/
Statement of responsibility, etc. by Rammal Thakuria
250 ## - EDITION STATEMENT
Edition statement 2nd.
260 ## - PUBLICATION, DISTRIBUTION, ETC.
Place of publication, distribution, etc. Guwahati:
Name of publisher, distributor, etc. Lakshmi Prakash,
Date of publication, distribution, etc. 1971.
300 ## - PHYSICAL DESCRIPTION
Extent 192p:
Dimensions 23cm.
650 ## - SUBJECT ADDED ENTRY--TOPICAL TERM
Topical term or geographic name entry element Literary criticism of Assamese literature
942 ## - ADDED ENTRY ELEMENTS (KOHA)
Koha item type Books
Source of classification or shelving scheme Dewey Decimal Classification
653 ## - INDEX TERM--UNCONTROLLED
Uncontrolled term Assamese literature
653 ## - INDEX TERM--UNCONTROLLED
Uncontrolled term Sahityar patabhumi
Holdings
Withdrawn status Lost status Damaged status Not for loan Home library Current library Shelving location Date acquired Total Checkouts Full call number Barcode Date last seen Copy number Price effective from Koha item type Source of classification or shelving scheme Collection code Cost, normal purchase price Date last checked out
        Central Library, Naharkatiya College Central Library, Naharkatiya College General Stacks 19/09/2020   891.4514 | THA 10893 19/09/2020 1 19/09/2020 Books        
        Central Library, Naharkatiya College Central Library, Naharkatiya College General Stacks 19/06/2023 6 891.4514 THA 10890 22/09/2023 2 19/06/2023 Books Dewey Decimal Classification Assamese 6.00 30/08/2023

Naharkatiya College © 2020. All rights reserved.

Powered By